[Event "Open d'Aubagne 2018-2019"]
[Site "Aubagne"]
[Date "2018.01.12"]
[Round "5.40"]
[White "Belaid, Myriam"]
[Black "Lopez, Marcel"]
[Result "0-1"]
[WhiteElo "1040"]
[BlackElo "1399"]
[PlyCount "62"]

1. g3 Nc6 2. Bg2 b6 3. Nf3 Bb7 4. O-O d5 5. d4 e6 6. c3 Nge7 7. Nh4 Ng6 8. Nxg6
hxg6 9. b3 Qd7 10. Bb2 Ne7 11. Na3 a6 12. c4 Nf5 13. cxd5 exd5 14. Nc2 Qe7 15.
Re1 O-O-O 16. f3 Kb8 17. Ba3 Qf6 18. Bxf8 Rdxf8 19. Qd2 Nxg3 20. Qe3 Nf5 21.
Qc3 Nh4 22. Bf1 Rh5 23. e4 Nxf3+ 24. Kf2 Nxe1+ 25. Kxe1 Rxh2 26. Nb4 dxe4 27.
Nd5 Bxd5 28. Rc1 Re8 29. Qxc7+ Ka8 30. Bxa6 Qf2+ 31. Kd1 Rh1+ 0-1

[Event "Open d'Aubagne 2018-2019"]
[Site "Aubagne"]
[Date "2018.01.12"]
[Round "5.41"]
[White "Pignol, Jeanne"]
[Black "Burnel, Marie-France"]
[Result "0-1"]
[WhiteElo "1020"]
[BlackElo "1059"]
[PlyCount "46"]

1. e4 e5 2. Nf3 Nc6 3. Bc4 Na5 4. Bd3 Bd6 5. Nc3 b6 6. O-O Bb7 7. Be2 Ne7 8. a3
f5 9. b4 Nac6 10. d4 exd4 11. Nxd4 Be5 12. Nxf5 Nxf5 13. Bd2 Nh4 14. Rb1 Qf6
15. Nd5 Qd6 16. Rb3 Bxh2+ 17. Kh1 O-O-O 18. Bg5 Nxg2 19. Bxd8 Nxd8 20. Re3 Bxd5
21. Ba6+ Kb8 22. Kxg2 Bxe4+ 23. f3 Qg3+ 0-1

[Event "Open d'Aubagne 2018-2019"]
[Site "Aubagne"]
[Date "2019.01.19"]
[Round "6.1"]
[White "Pouyet, Alain"]
[Black "Cotton, Paul"]
[Result "1-0"]
[WhiteElo "1472"]
[BlackElo "1424"]
[PlyCount "123"]

1. e4 c5 2. Nf3 d6 3. g3 Nc6 4. Bg2 Nf6 5. d3 g6 6. O-O Bg7 7. Re1 O-O 8. c3
Rb8 9. h3 b5 10. Qc2 Bb7 11. a3 a5 12. Be3 b4 13. axb4 axb4 14. Nbd2 bxc3 15.
bxc3 Qd7 16. Reb1 Ra8 17. Rxa8 Rxa8 18. Nc4 Qc7 19. e5 Nd5 20. exd6 exd6 21.
Bd2 Rb8 22. Ng5 Na5 23. Nxa5 Qxa5 24. Bxd5 Qc7 25. Qb3 Qe7 26. Be3 h6 27. Ne4
Kh7 28. Bxb7 f5 29. Nd2 d5 30. Qxd5 Bxc3 31. Nc4 g5 32. Qxf5+ Kg7 33. Qe4 Qf6
34. Bxc5 h5 35. Qe7+ Qxe7 36. Bxe7 Kf7 37. Bd6 Rd8 38. Be4 Ke6 39. Bc5 Rc8 40.
Be3 g4 41. Bf5+ Kxf5 42. Nd6+ Ke5 43. Nxc8 gxh3 44. Rb5+ Kf6 45. Rxh5 Kg6 46.
Rxh3 Kf5 47. Kg2 Kg4 48. Bd4 Bd2 49. Be3 Bc3 50. Rh4+ Kf5 51. Nd6+ Ke6 52. Ne4
Ba5 53. f4 Bd8 54. Kf3 Kf5 55. g4+ Ke6 56. Rh5 Kf7 57. g5 Kg6 58. Kg4 Kg7 59.
f5 Kg8 60. Bd4 Kf7 61. g6+ Kg8 62. Rh8# 1-0

[Event "Open d'Aubagne 2018-2019"]
[Site "Aubagne"]
[Date "2019.01.19"]
[Round "6.2"]
[White "Hassaine, Rachid"]
[Black "Bertrand, Frederic"]
[Result "0-1"]
[WhiteElo "1390"]
[BlackElo "1539"]
[PlyCount "36"]

1. e4 e5 2. Nf3 d6 3. Bc4 Nf6 4. Nc3 Be7 5. d4 exd4 6. Nxd4 Nc6 7. Nf5 Bxf5 8.
exf5 O-O 9. a3 Qd7 10. Nd5 Nxd5 11. Qxd5 Ne5 12. Bd3 Nxd3+ 13. Qxd3 Bf6 14. c3
Rfe8+ 15. Be3 Bg5 16. c4 Bxe3 17. fxe3 Re5 18. g4 Rae8 0-1

[Event "Open d'Aubagne 2018-2019"]
[Site "Aubagne"]
[Date "2019.01.19"]
[Round "6.3"]
[White "Daumas, Alain"]
[Black "Gomez, Jean-Luc"]
[Result "1-0"]
[WhiteElo "1630"]
[BlackElo "1376"]
[PlyCount "87"]

1. e4 c5 2. Nf3 e6 3. Be2 Nf6 4. d3 Nc6 5. O-O Be7 6. b3 O-O 7. Nbd2 a6 8. Bb2
b5 9. c4 Bb7 10. Rc1 b4 11. Re1 Qc7 12. Nf1 Rad8 13. Ne3 Rfe8 14. Qd2 d6 15.
Rcd1 Rd7 16. Qc2 Red8 17. Rd2 a5 18. h3 h6 19. Rf1 Rc8 20. Nh2 Qd8 21. f4 Nd4
22. Bxd4 cxd4 23. Neg4 Qb6 24. Nxf6+ Bxf6 25. Bg4 Bxe4 26. Re2 Bd5 27. Rfe1 Re7
28. Qd2 Ba8 29. Rxe6 Rce8 30. Rxe7 Rxe7 31. Rxe7 Bxe7 32. Qe2 Qd8 33. Bf3 Bxf3
34. Nxf3 Bf6 35. Qe4 Qb6 36. g4 g6 37. h4 Bh8 38. f5 Kh7 39. Qe7 d5 40. Qxf7+
Bg7 41. c5 Qf6 42. fxg6+ Qxg6 43. Qxg6+ Kxg6 44. c6 1-0

[Event "Open d'Aubagne 2018-2019"]
[Site "Aubagne"]
[Date "2019.01.19"]
[Round "6.4"]
[White "Piquemal, Maxence"]
[Black "Normand, Christophe"]
[Result "1-0"]
[WhiteElo "1565"]
[BlackElo "1237"]
[PlyCount "89"]

1. d4 d5 2. c4 c6 3. cxd5 cxd5 4. Bf4 Nc6 5. Nf3 e6 6. Nc3 Bb4 7. e3 Nf6 8. Bd3
Qa5 9. Qc2 Ne4 10. Bxe4 dxe4 11. Nd2 f5 12. O-O O-O 13. Nc4 Qd8 14. Nb5 Rf7 15.
Ne5 Nxe5 16. Bxe5 Ba5 17. Qb3 a6 18. Nd6 Rf8 19. Rac1 Qb6 20. Qxb6 Bxb6 21. Rc2
Bd7 22. Nxb7 Rac8 23. Rfc1 Rxc2 24. Rxc2 Rc8 25. Nc5 Bxc5 26. dxc5 Bc6 27. Bd6
Rd8 28. Rc4 Bd5 29. Ra4 Ra8 30. a3 Kf7 31. Kf1 Bc6 32. Rb4 Bb5+ 33. Ke1 Ke8 34.
Rd4 Kf7 35. b3 Rd8 36. a4 Bc6 37. Rb4 Bd7 38. Rb7 Kg6 39. Be7 Bc8 40. Rc7 Re8
41. b4 h5 42. b5 e5 43. b6 Be6 44. Bd6 Bc8 45. Ra7 1-0

[Event "Open d'Aubagne 2018-2019"]
[Site "Aubagne"]
[Date "2019.01.19"]
[Round "6.5"]
[White "Tramarin, Matteo"]
[Black "Guidini, Rene"]
[Result "1-0"]
[WhiteElo "1390"]
[BlackElo "1449"]
[PlyCount "63"]

1. c4 Nf6 2. Nc3 c6 3. Nf3 d5 4. d4 g6 5. Bf4 Bg7 6. e3 O-O 7. Bd3 Re8 8. O-O
Nbd7 9. h3 Nh5 10. Bh2 e5 11. g4 e4 12. gxh5 exf3 13. Qxf3 Qg5+ 14. Bg3 Nf6 15.
hxg6 fxg6 16. h4 Qh6 17. Qf4 Be6 18. cxd5 Nxd5 19. Nxd5 Bxd5 20. Qg4 Rxe3 21.
Bf4 Rh3 22. Qxh3 Qxf4 23. b3 Bxd4 24. Rae1 Rf8 25. Re2 Bf3 26. Bc4+ Kh8 27. Re7
Bf6 28. Re3 Bxh4 29. Rxf3 Qxf3 30. Qxh4 b5 31. Be6 Re8 32. Qd4+ 1-0

[Event "Open d'Aubagne 2018-2019"]
[Site "Aubagne"]
[Date "2019.01.19"]
[Round "6.6"]
[White "Cayrou, Fabien"]
[Black "Roche, Alain"]
[Result "0-1"]
[WhiteElo "1403"]
[BlackElo "1359"]
[PlyCount "98"]

1. d4 d5 2. c4 c6 3. Nc3 Nf6 4. Bg5 Bf5 5. Nf3 h6 6. Bxf6 exf6 7. e3 Bb4 8. a3
Bxc3+ 9. bxc3 Qa5 10. Qb3 O-O 11. cxd5 cxd5 12. Be2 Be4 13. O-O Qc7 14. Nd2 Nc6
15. Nxe4 dxe4 16. Rfc1 Ne7 17. Bc4 f5 18. Rab1 Rab8 19. Rb2 f4 20. Rcb1 fxe3
21. fxe3 Nf5 22. Bd5 Nxe3 23. Bxe4 Ng4 24. g3 Qe7 25. Re1 Qg5 26. Rbe2 Qd8 27.
Bf5 h5 28. Re7 Nh6 29. Be4 h4 30. Rxb7 Rxb7 31. Qxb7 hxg3 32. hxg3 Qg5 33. Qc7
Qd2 34. Kf1 Ng4 35. Re2 Qc1+ 36. Kg2 Qxa3 37. d5 Qa6 38. Kf3 Nf6 39. c4 Rc8 40.
Qe7 Qxc4 41. d6 Qd4 42. Bf5 Qd5+ 43. Kf4 Rc4+ 44. Ke3 Qxf5 45. Qd8+ Kh7 46.
Rh2+ Kg6 47. Rd2 Qe4+ 48. Kf2 Ng4+ 49. Kf1 Rc1+ 0-1

[Event "Open d'Aubagne 2018-2019"]
[Site "Aubagne"]
[Date "2019.01.19"]
[Round "6.7"]
[White "Ganier, Philippe"]
[Black "Marchis Mouren, Emma"]
[Result "1-0"]
[WhiteElo "1588"]
[BlackElo "1196"]
[PlyCount "111"]

1. Nf3 b6 2. d4 Bb7 3. c4 e6 4. Nc3 Nf6 5. Bg5 Be7 6. g3 O-O 7. Bg2 d5 8. Bxf6
Bxf6 9. cxd5 exd5 10. O-O Re8 11. Rc1 Nc6 12. e3 Nb4 13. a3 Nc6 14. Re1 Ne7 15.
e4 dxe4 16. Nxe4 Nf5 17. Nxf6+ Qxf6 18. Rxe8+ Rxe8 19. Rxc7 Bxf3 20. Bxf3 Nxd4
21. Bd5 Ne6 22. Rxa7 Rd8 23. Qf3 Qxf3 24. Bxf3 Rd2 25. b4 h6 26. a4 Rb2 27. b5
Nc5 28. Bd5 Ne6 29. Rb7 Rb1+ 30. Kg2 Ra1 31. Rxb6 Rxa4 32. Bxe6 fxe6 33. Rxe6
Kf7 34. Ra6 Rb4 35. b6 Ke8 36. h4 Kd8 37. Ra8+ Kd7 38. Ra7+ Kd6 39. Rxg7 Rxb6
40. Rg6+ Kc5 41. Rxb6 Kxb6 42. Kf3 Kc7 43. Kg4 Kd6 44. Kh5 Ke6 45. g4 Kf6 46.
f4 Kg7 47. f5 Kh7 48. f6 Kh8 49. Kxh6 Kg8 50. Kg6 Kh8 51. Kf7 Kh7 52. Ke8 Kg6
53. f7 Kh7 54. f8=Q Kg6 55. Qf7+ Kh6 56. g5# 1-0

[Event "Open d'Aubagne 2018-2019"]
[Site "Aubagne"]
[Date "2019.01.19"]
[Round "6.8"]
[White "Soulet, Julia"]
[Black "Pentcheff, Laura"]
[Result "1-0"]
[WhiteElo "1450"]
[BlackElo "1617"]
[PlyCount "91"]

1. d4 Nf6 2. c4 e6 3. Nc3 Bb4 4. Qc2 c5 5. Nf3 Nc6 6. e3 cxd4 7. exd4 d5 8. a3
Be7 9. Be3 h6 10. Bd3 O-O 11. O-O a6 12. cxd5 exd5 13. h3 Be6 14. Rac1 b5 15.
Nxb5 Rc8 16. Nc3 Qa5 17. Qe2 Ra8 18. Rc2 Bd6 19. Rfc1 Ne7 20. Bd2 Qb6 21. Na4
Qb7 22. Ba5 Bf5 23. Nc5 Bxd3 24. Qxd3 Bxc5 25. dxc5 Nc6 26. Bb6 Rac8 27. b4
Rfe8 28. Nd4 Nxd4 29. Qxd4 Rc6 30. Qd3 Rec8 31. a4 g6 32. b5 axb5 33. axb5 Rxb6
34. cxb6 Rxc2 35. Rxc2 Qxb6 36. Rc6 Qa5 37. Qc3 Qxc3 38. Rxc3 Kf8 39. b6 d4 40.
b7 dxc3 41. b8=Q+ Ke7 42. Qb4+ Ke6 43. Qxc3 h5 44. Qe3+ Kf5 45. f4 Ne4 46. g4+
1-0

[Event "Open d'Aubagne 2018-2019"]
[Site "Aubagne"]
[Date "2019.01.19"]
[Round "6.9"]
[White "Rocchia, Alex"]
[Black "Deregnaucourt, Yves"]
[Result "0-1"]
[WhiteElo "1291"]
[BlackElo "1635"]
[PlyCount "64"]

1. e4 e5 2. Nf3 Nc6 3. Bc4 Bc5 4. c3 Nf6 5. d3 d6 6. a4 a5 7. Be3 Bxe3 8. fxe3
Be6 9. Ba2 Bxa2 10. Rxa2 Qe7 11. Qb3 Qd7 12. O-O O-O 13. Nbd2 Ng4 14. Re1 Ra6
15. Qd1 Qe6 16. b3 f5 17. Ng5 Qh6 18. Ndf3 Raa8 19. b4 Qf6 20. h3 h6 21. hxg4
fxg4 22. Rf2 hxg5 23. b5 Ne7 24. Ref1 gxf3 25. Qb3+ Qf7 26. c4 Qe6 27. Rxf3 g4
28. R3f2 Rxf2 29. Rxf2 Rf8 30. Qc2 g3 31. Rxf8+ Kxf8 32. Qa2 Qh6 0-1

[Event "Open d'Aubagne 2018-2019"]
[Site "Aubagne"]
[Date "2019.01.19"]
[Round "6.10"]
[White "Tchifteyan, Philippe"]
[Black "Labriaud, Gilles"]
[Result "1-0"]
[WhiteElo "1536"]
[BlackElo "1265"]
[PlyCount "67"]

1. d4 d5 2. g3 Nf6 3. Bg2 g6 4. Nc3 Bg7 5. Nf3 Nc6 6. O-O O-O 7. Bf4 Re8 8. Qd2
Bf5 9. a3 a6 10. e3 Qd7 11. Ne5 Nxe5 12. Bxe5 c6 13. f3 Bh3 14. g4 Bxg2 15.
Qxg2 h6 16. Ne2 Qe6 17. Nf4 Qd7 18. Kh1 Nh7 19. Bxg7 Kxg7 20. Rg1 e5 21. Nd3
exd4 22. exd4 Re3 23. h4 Rae8 24. Ne5 R3xe5 25. dxe5 Rxe5 26. Rae1 Qe7 27. Qf2
Qf6 28. c3 Qf4 29. Rxe5 Qxe5 30. Re1 Qc7 31. Kg2 Nf8 32. Qd4+ Kh7 33. Re8 Kg8
34. Qc5 1-0

[Event "Open d'Aubagne 2018-2019"]
[Site "Aubagne"]
[Date "2019.01.19"]
[Round "6.11"]
[White "Cavanihac, Claude"]
[Black "Cayrou, Manon"]
[Result "1/2-1/2"]
[WhiteElo "1472"]
[BlackElo "1264"]
[PlyCount "61"]

1. f4 d5 2. d4 Nf6 3. Nf3 e6 4. e3 Bd6 5. Bd3 O-O 6. O-O c5 7. c3 c4 8. Bc2 b5
9. Nbd2 Nc6 10. Ne5 Bxe5 11. fxe5 Ne4 12. Nxe4 dxe4 13. Bxe4 Bb7 14. Bxh7+ Kxh7
15. Qh5+ Kg8 16. Rf3 Nxe5 17. Rh3 f6 18. dxe5 Qd5 19. Rg3 Rfd8 20. Qg4 Qd1+ 21.
Qxd1 Rxd1+ 22. Kf2 fxe5 23. Ke2 Rad8 24. b3 b4 25. cxb4 cxb3 26. axb3 e4 27.
Rxa7 Rxc1 28. Rxb7 Rc2+ 29. Ke1 Rc1+ 30. Ke2 Rc2+ 31. Ke1 1/2-1/2

[Event "Open d'Aubagne 2018-2019"]
[Site "Aubagne"]
[Date "2019.01.19"]
[Round "6.12"]
[White "Pinet, Leo"]
[Black "Hunault, Francis"]
[Result "0-1"]
[WhiteElo "1221"]
[BlackElo "1453"]
[PlyCount "52"]

1. e4 e5 2. Nf3 d6 3. d4 exd4 4. Nxd4 Be7 5. Nc3 c6 6. Be3 Nf6 7. g3 O-O 8. f4
c5 9. Nf5 Bxf5 10. exf5 d5 11. Qf3 d4 12. O-O-O Qc8 13. g4 dxc3 14. g5 cxb2+
15. Kb1 Ne8 16. Rd5 Nd7 17. Rg1 f6 18. Bc4 Kh8 19. Bb5 Nb6 20. gxf6 Nxd5 21.
Bxe8 Nxf6 22. Qg2 Nxe8 23. Qe4 Bf6 24. Qf3 Nd6 25. Rg6 Nxf5 26. Qh5 Nxe3 0-1

[Event "Open d'Aubagne 2018-2019"]
[Site "Aubagne"]
[Date "2019.01.19"]
[Round "6.13"]
[White "Cureau, Dominique"]
[Black "Pietrac, Christian"]
[Result "1-0"]
[WhiteElo "1424"]
[BlackElo "1227"]
[PlyCount "119"]

1. c4 Nf6 2. Nc3 e5 3. e4 g6 4. Nf3 d6 5. d4 Nbd7 6. dxe5 Nh5 7. Bg5 f6 8. exf6
Nhxf6 9. Nd5 Bg7 10. Bd3 Ne5 11. Nxe5 dxe5 12. O-O h6 13. Bd2 Bd7 14. Bc3 c6
15. Ne3 Qc7 16. Rc1 O-O-O 17. Qa4 Kb8 18. c5 Ng4 19. Nxg4 Bxg4 20. Bc4 Rhf8 21.
Ba5 b6 22. cxb6 axb6 23. Qb3 Ka7 24. Bb4 Rfe8 25. Qa4+ Kb8 26. Bd5 Qa7 27. Qxc6
Bf8 28. a3 Rc8 29. Bd6+ Bxd6 30. Qxd6+ Rc7 31. Qxg6 Bd7 32. Qxh6 Rxc1 33. Rxc1
Rc8 34. Qd6+ Rc7 35. Rxc7 Qxc7 36. Qxc7+ Kxc7 37. h4 Kd6 38. f3 Be8 39. g4 Ke7
40. Kf2 Kf8 41. h5 Kg7 42. Kg3 Kf6 43. f4 exf4+ 44. Kxf4 Kg7 45. Kg5 Kh7 46. e5
Kg7 47. h6+ Kh7 48. Be4+ Kh8 49. Kf6 Bd7 50. e6 Bb5 51. e7 Be8 52. Bg6 Bd7 53.
g5 Bc6 54. e8=Q+ Bxe8 55. Bxe8 b5 56. g6 b4 57. axb4 Kg8 58. b5 Kh8 59. b6 Kg8
60. b7 1-0

[Event "Open d'Aubagne 2018-2019"]
[Site "Aubagne"]
[Date "2019.01.19"]
[Round "6.14"]
[White "Moerenhout, Jean Claude"]
[Black "Desjardins, Rene"]
[Result "0-1"]
[WhiteElo "1280"]
[BlackElo "1419"]
[PlyCount "76"]

1. c4 Nf6 2. Nc3 e6 3. Nf3 b6 4. g3 Bb7 5. Bg2 Be7 6. O-O d6 7. d3 Nbd7 8. b4
c5 9. b5 a6 10. a4 Ne5 11. Bb2 Nxf3+ 12. exf3 O-O 13. bxa6 Rxa6 14. Nb5 Qd7 15.
Bc3 d5 16. f4 d4 17. Bxb7 Qxb7 18. Bd2 g6 19. a5 Rfa8 20. Qe2 bxa5 21. Rfb1 Qc6
22. h3 a4 23. Qe5 Rc8 24. Ra2 Kg7 25. Rba1 Bd6 26. Nxd6 Qxd6 27. Qxd6 Rxd6 28.
Rxa4 Rb6 29. Ba5 Rb3 30. Rd1 Rcb8 31. Raa1 Nd7 32. Bc7 R8b7 33. Bd6 R7b6 34.
Bc7 Rb7 35. Bd6 R3b6 36. Be5+ f6 37. Ra8 fxe5 38. fxe5 Nxe5 0-1

[Event "Open d'Aubagne 2018-2019"]
[Site "Aubagne"]
[Date "2019.01.19"]
[Round "6.15"]
[White "Coppel, Victor"]
[Black "Reynaud, Jacques"]
[Result "1-0"]
[WhiteElo "1206"]
[BlackElo "1419"]
[PlyCount "33"]

1. e4 e5 2. Nf3 d6 3. Bc4 h6 4. d4 exd4 5. c3 Nc6 6. Qb3 Qf6 7. cxd4 a6 8. O-O
Na5 9. Qa4+ b5 10. Qxa5 bxc4 11. Qxc7 Qd8 12. Qxc4 Nf6 13. Re1 Be6 14. d5 Bd7
15. e5 dxe5 16. Rxe5+ Be6 17. dxe6 1-0

[Event "Open d'Aubagne 2018-2019"]
[Site "Aubagne"]
[Date "2019.01.19"]
[Round "6.16"]
[White "Pentcheff, Julie"]
[Black "Ulloa, Philippe"]
[Result "1-0"]
[WhiteElo "1193"]
[BlackElo "1328"]
[PlyCount "78"]

1. d4 d5 2. c4 c6 3. cxd5 cxd5 4. Nc3 a6 5. e4 dxe4 6. Nxe4 h6 7. Bc4 Bf5 8.
Ng3 Bd7 9. Qf3 Nf6 10. Ne4 Bg4 11. Nxf6+ exf6 12. Qxg4 Bb4+ 13. Kf1 O-O 14.
Bxh6 g6 15. Bxf8 Qxf8 16. Nf3 f5 17. Qxg6+ Qg7 18. Bxf7+ Kf8 19. Ne5 Bd6 20.
Nd7+ Nxd7 21. Qxd6+ Kxf7 22. Qxd7+ Kg6 23. Qxg7+ Kxg7 24. Re1 Kf6 25. Ke2 Rc8
26. Rc1 Re8+ 27. Kd3 Re6 28. Rhe1 Rd6 29. h3 Kg5 30. a4 Rb6 31. Re2 a5 32. Rc5
Rb3+ 33. Kc4 Rb4+ 34. Kc3 b6 35. Rb5 Rxa4 36. Rxb6 Ra1 37. d5 Rc1+ 38. Rc2 Re1
39. d6 Re6 1-0

[Event "Open d'Aubagne 2018-2019"]
[Site "Aubagne"]
[Date "2019.01.19"]
[Round "6.17"]
[White "Autouard, Jean-Luc"]
[Black "Avedissian, Andre"]
[Result "0-1"]
[WhiteElo "1205"]
[BlackElo "1326"]
[PlyCount "108"]

1. e4 c5 2. Nc3 d6 3. f4 e6 4. Nf3 a6 5. Bc4 Nc6 6. O-O Be7 7. Qe1 Qc7 8. Bb3
b5 9. a4 b4 10. Ne2 Bb7 11. d3 Nf6 12. f5 Bc8 13. Qh4 Qd8 14. Qg3 g6 15. fxe6
Bxe6 16. Bxe6 fxe6 17. Ng5 Qd7 18. Nf4 e5 19. Nd5 Nxd5 20. exd5 Nd4 21. Rf2
O-O-O 22. Be3 Nf5 23. Qf3 Nxe3 24. Qxe3 Bxg5 25. Qxg5 Rdf8 26. Raf1 Rxf2 27.
Rxf2 Qe8 28. b3 Rf8 29. Qg4+ Kc7 30. Rxf8 Qxf8 31. Qe6 Qd8 32. Qf7+ Qd7 33. Qf1
Qe7 34. a5 Kd7 35. Qa1 Qe8 36. c3 bxc3 37. Qxc3 Qb8 38. Qc4 Qb5 39. Qxb5+ axb5
40. a6 Kc7 41. Kf2 Kb6 42. h4 h6 43. Kf3 Kxa6 44. Kg4 e4 45. dxe4 c4 46. bxc4
b4 47. h5 g5 48. e5 dxe5 49. Kf5 b3 50. d6 b2 51. Ke6 b1=Q 52. d7 Qb8 53. c5
Kb7 54. Ke7 e4 0-1

[Event "Open d'Aubagne 2018-2019"]
[Site "Aubagne"]
[Date "2019.01.19"]
[Round "6.18"]
[White "Naam, Shedy"]
[Black "Morata, Serge"]
[Result "0-1"]
[WhiteElo "1159"]
[BlackElo "1317"]
[PlyCount "134"]

1. e4 e6 2. Nc3 d5 3. Bb5+ c6 4. Ba4 b5 5. Bb3 Nf6 6. exd5 Nxd5 7. Bxd5 exd5 8.
d4 Bb4 9. Nge2 O-O 10. O-O Re8 11. Bd2 a5 12. a3 Bd6 13. Nf4 Bd7 14. Nce2 Na6
15. Qe1 b4 16. axb4 Nxb4 17. Bxb4 Bxb4 18. c3 Bd6 19. Qd2 Qc7 20. g3 Qb6 21.
Ra2 a4 22. Rfa1 Qb5 23. Qc2 a3 24. bxa3 Ra4 25. Nd3 Bf5 26. Nec1 Re1+ 27. Kg2
Be4+ 28. f3 Bxd3 29. Nxd3 Rxa1 30. Rxa1 Rxa3 31. Rxa3 Bxa3 32. Nf4 Qb2 33. Qxb2
Bxb2 34. Ne2 f6 35. Kf2 Kf7 36. Ke3 Ke6 37. Kf4 g6 38. g4 h6 39. h4 Ba3 40. g5
h5 41. gxf6 Kxf6 42. Ke3 c5 43. Kd3 g5 44. hxg5+ Kxg5 45. Ke3 h4 46. Nf4 c4 47.
Nxd5 h3 48. Kf2 Kh4 49. Nb6 Bb2 50. Na4 Bc1 51. d5 Be3+ 52. Kxe3 h2 53. Kd4
h1=Q 54. Kxc4 Qf1+ 55. Kc5 Qxf3 56. c4 Qe3+ 57. Kd6 Qf4+ 58. Ke6 Qxc4 59. Kd6
Qxa4 60. Ke7 Qd4 61. d6 Qe5+ 62. Kd7 Kg5 63. Kc7 Qc5+ 64. Kd7 Kf5 65. Ke7 Qe5+
66. Kd7 Kf6 67. Kc7 Ke6 0-1

[Event "Open d'Aubagne 2018-2019"]
[Site "Aubagne"]
[Date "2019.01.19"]
[Round "6.19"]
[White "Vicari-Vento, Salvatore"]
[Black "Dektiannikov, Artiom"]
[Result "1-0"]
[WhiteElo "1347"]
[BlackElo "1165"]
[PlyCount "117"]

1. e4 e5 2. Nf3 Nf6 3. Nc3 Nc6 4. Bc4 h6 5. d3 Bb4 6. Bd2 Bxc3 7. Bxc3 d5 8.
exd5 Nxd5 9. Bxd5 Qxd5 10. Qe2 f6 11. O-O Bg4 12. Rfe1 Bxf3 13. Qxf3 Qd6 14.
Qh5+ Ke7 15. Rad1 Rad8 16. d4 Nxd4 17. Bxd4 Qb4 18. Bc3 Qf4 19. Qf3 Qg5 20.
Qxb7 Rd7 21. Rxd7+ Kxd7 22. Rd1+ Ke6 23. Qxc7 Kf5 24. Qd7+ Kg6 25. h3 Rb8 26.
Qg4 Qxg4 27. hxg4 e4 28. Re1 Re8 29. Bd2 Rd8 30. Be3 a6 31. c4 f5 32. gxf5+
Kxf5 33. b3 a5 34. Kf1 Rd3 35. Ke2 a4 36. bxa4 Ra3 37. Ra1 Rxa4 38. c5 g5 39.
a3 g4 40. Bxh6 g3 41. fxg3 Kg4 42. Bf4 Rc4 43. Rc1 Ra4 44. Rc3 Kf5 45. c6 Ke6
46. c7 Ra8 47. c8=Q+ Rxc8 48. Rxc8 Kd5 49. Ke3 Ke6 50. Kxe4 Kf7 51. Ke5 Kg6 52.
Rf8 Kh5 53. Bd2 Kg4 54. Be1 Kg5 55. Rg8+ Kh6 56. Kf6 Kh7 57. Rg4 Kh8 58. Kf7
Kh7 59. Rh4# 1-0

[Event "Open d'Aubagne 2018-2019"]
[Site "Aubagne"]
[Date "2019.01.19"]
[Round "6.20"]
[White "Lecomte, Gael"]
[Black "Gamblin, Vincent"]
[Result "0-1"]
[WhiteElo "1194"]
[BlackElo "1483"]
[PlyCount "68"]

1. d4 d5 2. c3 Nf6 3. Nf3 e6 4. Bg5 Be7 5. Nbd2 h6 6. Bh4 c5 7. e3 Nbd7 8. Bd3
c4 9. Bc2 b5 10. Ne5 Nxe5 11. dxe5 Nd7 12. Bxe7 Qxe7 13. Nf3 O-O 14. e4 Bb7 15.
Qe2 Nc5 16. Nd2 Qg5 17. O-O Qxe5 18. f4 Qd6 19. e5 Qb6 20. Kh1 Rad8 21. Rad1 b4
22. cxb4 Qxb4 23. b3 cxb3 24. axb3 Ba6 25. Qf2 Bxf1 26. Rxf1 Ne4 27. Nxe4 dxe4
28. f5 Rd2 29. Qg3 Rxc2 30. f6 g6 31. Qe3 Qd2 32. Qg1 Rd8 33. h3 Rd3 34. Kh2
Qe3 0-1

[Event "Open d'Aubagne 2018-2019"]
[Site "Aubagne"]
[Date "2019.01.19"]
[Round "6.21"]
[White "Piquemal, Jean Christophe"]
[Black "Frontera, Pierre"]
[Result "1-0"]
[WhiteElo "1100"]
[BlackElo "1269"]
[PlyCount "63"]

1. e4 e5 2. Nf3 Nc6 3. Bc4 d6 4. d3 Be7 5. Nc3 h6 6. a4 a6 7. Nd5 Bg4 8. h3 Bh5
9. c3 Rb8 10. Be3 Na5 11. Ba2 b5 12. Qd2 c5 13. b4 Nc6 14. bxc5 bxa4 15. O-O
Bxf3 16. gxf3 Bh4 17. f4 f6 18. fxe5 Nxe5 19. Qe2 h5 20. Kh1 Qd7 21. Nf4 g5 22.
Be6 Qe7 23. Nd5 Qg7 24. Rg1 Kd8 25. Rab1 Rxb1 26. Rxb1 Nc6 27. d4 Qg6 28. Qf3
Qe8 29. Bxg8 Rxg8 30. Qxf6+ Kc8 31. Qf5+ Qd7 32. Nb6+ 1-0

[Event "Open d'Aubagne 2018-2019"]
[Site "Aubagne"]
[Date "2019.01.19"]
[Round "6.22"]
[White "Biglia, Michel"]
[Black "Madi, Chahinez"]
[Result "0-1"]
[WhiteElo "1238"]
[BlackElo "1099"]
[PlyCount "66"]

1. e4 c5 2. Bc4 Nc6 3. Nf3 Nf6 4. Ng5 e6 5. O-O g6 6. b3 Bg7 7. Bb2 O-O 8. Nc3
Nh5 9. Na4 Bxb2 10. Nxb2 Qxg5 11. g3 d5 12. exd5 exd5 13. Be2 Ng7 14. Re1 Bh3
15. Bf1 Bxf1 16. Rxf1 Qf6 17. Na4 b6 18. Re1 Rae8 19. c3 c4 20. Kg2 Ne5 21. Nb2
Nf5 22. f4 Nd7 23. bxc4 dxc4 24. Nxc4 Qc6+ 25. Qf3 Qxc4 26. Qb7 Re2+ 27. Rxe2
Qxe2+ 28. Kh3 Nf6 29. Rg1 Qh5+ 30. Kg2 Ng4 31. Qf3 Qxh2+ 32. Kf1 Qxd2 33. Qe2
Nfe3+ 0-1

[Event "Open d'Aubagne 2018-2019"]
[Site "Aubagne"]
[Date "2019.01.19"]
[Round "6.23"]
[White "Madi, Walid"]
[Black "Blanc, Michel"]
[Result "0-1"]
[WhiteElo "1144"]
[BlackElo "1563"]
[PlyCount "92"]

1. Nf3 d5 2. g3 Nf6 3. Nc3 Bf5 4. Bg2 e6 5. O-O h6 6. d4 Be7 7. Bf4 O-O 8. h4
c6 9. Rb1 Bd6 10. Qd2 Qc7 11. e3 Nbd7 12. Ne2 e5 13. dxe5 Nxe5 14. Ned4 Be4 15.
Nxe5 Bxe5 16. Bxe4 Nxe4 17. Bxe5 Qxe5 18. Qe2 Rae8 19. Nf3 Qe7 20. Nd4 Qd7 21.
Kh2 Nf6 22. f4 Ng4+ 23. Kg2 Nxe3+ 24. Kg1 Nxf1 25. Qxf1 Re4 26. c3 Rfe8 27. f5
c5 28. Nb3 Qd6 29. Qf2 b6 30. Nd2 Re2 31. Qf4 Qxf4 32. gxf4 Rxd2 33. Rc1 Rxb2
34. Kf1 Ree2 35. Kg1 Rg2+ 36. Kf1 Rh2 37. Kg1 Rbg2+ 38. Kf1 Rh1+ 39. Kxg2 Rxc1
40. Kf3 Rxc3+ 41. Kg4 f6 42. Kh5 Kf7 43. Kg4 d4 44. Kh5 d3 45. Kg4 d2 46. Kh5
d1=Q# 0-1

[Event "Open d'Aubagne 2018-2019"]
[Site "Aubagne"]
[Date "2019.01.19"]
[Round "6.24"]
[White "Deroual, Alexandre"]
[Black "Corchia, Joseph"]
[Result "0-1"]
[WhiteElo "1058"]
[BlackElo "1399"]
[PlyCount "52"]

1. f4 d5 2. d4 g6 3. Nf3 Bg7 4. b3 Nf6 5. h3 c5 6. c3 Ne4 7. dxc5 Nxc3 8. Qd3
Bf5 9. Qd2 Nxb1 10. Qb4 Bc3+ 11. Bd2 Bxb4 12. Bxb4 Nc6 13. Rxb1 Bxb1 14. Ba5
Nxa5 15. c6 Nxc6 16. e4 Qa5+ 17. Nd2 Qxa2 18. Nxb1 Qxb1+ 19. Kf2 Qxb3 20. exd5
Nd4 21. Bc4 Qxc4 22. d6 Qe2+ 23. Kg1 exd6 24. f5 Nxf5 25. g4 Rc8 26. Rh2 Rc1#
0-1

[Event "Open d'Aubagne 2018-2019"]
[Site "Aubagne"]
[Date "2019.01.19"]
[Round "6.25"]
[White "Meyselle, Jean-Noel"]
[Black "Turpin, Isabelle"]
[Result "1-0"]
[WhiteElo "1399"]
[BlackElo "1167"]
[PlyCount "103"]

1. e4 c5 2. Nc3 a6 3. Bc4 b5 4. Be2 b4 5. Nd5 e6 6. Ne3 Bb7 7. d3 Nc6 8. Nf3
Nd4 9. O-O Rc8 10. Nxd4 cxd4 11. Nc4 d5 12. exd5 Qxd5 13. Bf3 Qd7 14. Nb6 Qc7
15. Nxc8 Bxc8 16. b3 h6 17. Bb2 Qd6 18. Qe2 g5 19. Qe4 Bg7 20. Qc6+ Qxc6 21.
Bxc6+ Kd8 22. a3 Ne7 23. Bf3 Rg8 24. axb4 g4 25. Bxg4 f5 26. Bf3 Kc7 27. b5 Kb6
28. bxa6 Bxa6 29. Rfe1 e5 30. Ra2 Bb7 31. Bxb7 Kxb7 32. Rea1 Nc6 33. Ra4 h5 34.
b4 e4 35. dxe4 fxe4 36. b5 Ne5 37. Ra7+ Kb6 38. Bxd4+ Kxb5 39. Bxe5 Bxe5 40.
R1a5+ Kc4 41. Rxe5 Kc3 42. Rxe4 Kxc2 43. h4 Kd3 44. Re5 Rc8 45. Rxh5 Rc4 46. g3
Rc2 47. Kg2 Ke4 48. Ra4+ Kd3 49. Rd5+ Kc3 50. Rc5+ Kb3 51. Rxc2 Kxc2 52. Rf4
1-0

[Event "Open d'Aubagne 2018-2019"]
[Site "Aubagne"]
[Date "2019.01.19"]
[Round "6.27"]
[White "Bonavia, Mathis"]
[Black "Couillaud, Gabriel"]
[Result "1-0"]
[WhiteElo "1283"]
[BlackElo "1144"]
[PlyCount "99"]

1. d4 d5 2. c4 Nf6 3. Bf4 Bf5 4. Nc3 e6 5. Qb3 Nc6 6. e3 Nb4 7. Rc1 Bd3 8. Nb5
Rc8 9. Bxd3 Nxd3+ 10. Qxd3 c5 11. Nxa7 Qa5+ 12. Rc3 Qxa7 13. Ra3 Qb6 14. Qb3
Qxb3 15. Rxb3 dxc4 16. Rxb7 cxd4 17. exd4 Rd8 18. Nf3 Nd5 19. Bd2 Rc8 20. Ke2
c3 21. Rc1 Bb4 22. bxc3 Bxc3 23. Rb3 O-O 24. Bxc3 Nf4+ 25. Ke3 Nd5+ 26. Kd2
Rfd8 27. a4 Rd7 28. Ne5 Ra7 29. Ra1 Nf6 30. a5 Ne4+ 31. Kd3 Nxf2+ 32. Ke3 f6
33. Kxf2 fxe5 34. dxe5 Rac7 35. a6 Rxc3 36. Rxc3 Rxc3 37. a7 Rc2+ 38. Ke3 Rc3+
39. Kd4 Rc8 40. a8=Q Rxa8 41. Rxa8+ Kf7 42. Ke4 Kg6 43. Ra6 Kg5 44. Rxe6 h5 45.
Rc6 Kh4 46. e6 g5 47. e7 g4 48. e8=Q g3 49. Qe7+ Kg4 50. Rg6# 1-0